Unruly Hills (Record no. 15812)

MARC details
000 -LEADER
fixed length control field 00645nam a2200241 a 4500
020 ## - INTERNATIONAL STANDARD BOOK NUMBER
ISBN 9788187358596
082 00 - DEWEY DECIMAL CLASSIFICATION NUMBER
Classification number 954.1632
Author Cutter KAR
100 ## - MAIN ENTRY--AUTHOR NAME
Author name Karlsson, Bengt G
245 ## - TITLE STATEMENT
Title Unruly Hills
Sub title Nature and Nation in India`s Northeast
260 ## - PUBLICATION, DISTRIBUTION, ETC. (IMPRINT)
Place of publication Delhi
Name of publisher Social Science Press
Year of publication 2011
300 ## - PHYSICAL DESCRIPTION
Number of Pages 334p
500 ## - GENERAL NOTE
General note includes index and biblioraphy
505 2# - FORMATTED CONTENTS NOTE
Formatted contents note biblio, index
650 ## - SUBJECT ADDED ENTRY--TOPICAL TERM
Topical Term North East India-Environment
942 ## - ADDED ENTRY ELEMENTS (KOHA)
Koha item type Books
700 1# -
-- Karlsson, Bengt G
Holdings
Collection code Home library Current library Date acquired Cost, normal purchase price Full call number Accession Number Koha item type
  Henry Martyn Institute Library Henry Martyn Institute Library 05/02/2011 695.00 954.1632 KAR 023605 Books
                   Copyright © 2026 | Henry Martyn Institute | Hyderabad | TS-500052 | INDIA | Implemented by hmi.edu.in
Hit-Count:

Powered by Koha